00226 a2200109 4500001000700000020000600007040001100013100002000024240003400044245002900078362000900107161526 a  cMagnum aRodrigues, Iara10aComo defender a ecologialpor10aComo defender a ecologia0 a1899